[Event "3rd Kolkata GM Open 2018"]
[Site "Kolkata"]
[Date "2018.05.16"]
[Round "3"]
[White "Khusenkhojaev, Muhammad"]
[Black "Ravi, Teja S"]
[Result "1-0"]
[WhiteElo "2456"]
[BlackElo "2338"]
[Annotator "TA"]
[PlyCount "106"]
[EventDate "2018.??.??"]
[EventType "swiss"]
[EventCountry "IND"]
[SourceTitle "playchess.com"]
[Source "ChessBase"]
[SourceQuality "1"]

{[%evp 16,106,11,-1,14,14,16,16,79,80,96,86,106,95,110,94,121,68,68,67,68,68,95,95,95,99,100,100,102,95,102,100,102,101,107,104,100,94,92,84,95,87,100,95,129,125,129,129,122,124,145,147,143,134,127,131,154,145,186,160,160,160,237,204,252,257,414,421,419,407,372,335,820,893,1197,1137,1504,1001,850,827,827,1507,1176,827,1210,1004,29965,29966,29961,12287,29967,12662,29955]} 1. Nf3 c5 2. g3 Nc6 3. d4 cxd4 4. Nxd4 e6 5. Bg2 Qb6 6. Nb3 d5 7. O-O Nf6 8. c4 {A46: 1 d4 Nf6 2 Nf3 e6: Torre, London and Colle Systems} (8. Be3 Qa6 9. a4 Bd6 10. Nc3 O-O 11. Nb5 Bb8 12. Qc1 Na5 13. Nc5 Qc6 14. b4 Nc4 15. Bg5 a5 {½-½ (25) Mu,K (2416)-Bortnyk,O (2585) Kavala 2017}) 8... dxc4 9. N3d2 {LiveBook: 7 Games} Ne5 10. Na3 $146 {The position is equal.} ({Predecessor:} 10. Nc3 Be7 11. Nxc4 Nxc4 12. Qa4+ Bd7 13. Qxc4 Rc8 14. Qb3 Bc6 15. Qxb6 axb6 {½-½ (32) Rotstein,A (2455)-Miniboeck,G (2360) Austria 1998}) 10... Bxa3 11. bxa3 Qd4 (11... c3 $11 12. Nb1 Qa5) 12. Qc2 $16 O-O 13. Bb2 Qc5 14. Qc3 Ned7 15. Nxc4 {[%cal Bd2c4,Bc4e5,Be5c6][%mdl 32]} Rb8 16. Rfd1 (16. Rfc1 $16) 16... b6 $14 17. Ne5 Qxc3 18. Bxc3 {aiming for Nc6.} Nd5 19. Bxd5 exd5 20. Nc6 Rb7 21. Ne7+ Kh8 22. Rxd5 {[#] Threatens to win with Rad1.} Rc7 23. Nxc8 Rfxc8 24. Rad1 Nf8 25. Be5 Re7 26. Rd8 Re8 27. Rxe8 Rxe8 $16 {[%mdl 4096] Endgame KRB-KRN} 28. Bf4 Kg8 29. Be3 Rc8 30. a4 f6 31. a5 bxa5 32. Rd5 a6 33. Rxa5 Rc6 34. Rc5 Rxc5 35. Bxc5 {KB-KN} Nd7 36. Bd4 f5 37. f3 Kf7 38. Kf2 g6 (38... g5 $16 {is a better defense.} 39. Bc3 h5) 39. Ke3 $18 Ke6 40. Kf4 h5 $2 {[#]} (40... Nb8 {was necessary.} 41. Kg5 Kf7) 41. e4 fxe4 42. Kxe4 Nb8 43. g4 hxg4 $2 (43... Nc6 44. gxh5 gxh5) 44. fxg4 Nc6 45. h4 Ne7 46. h5 gxh5 47. gxh5 Nf5 48. Be5 Nh6 49. Bf4 Nf5 50. a3 {[%cal Ba2a3,Ba3a4][%mdl 32]} a5 51. a4 Ne7 52. Bd2 Kf6 53. Bxa5 Nf5 {Precision: White = 86%, Black = 41%.} 1-0

[Event "3rd Kolkata GM Open 2018"]
[Site "Kolkata"]
[Date "2018.05.16"]
[Round "3"]
[White "Sundararajan, Kidambi"]
[Black "Prasad, Devaki V"]
[Result "1/2-1/2"]
[WhiteElo "2434"]
[BlackElo "2284"]
[Annotator "TA"]
[PlyCount "75"]
[EventDate "2018.??.??"]
[EventType "swiss"]
[EventCountry "IND"]
[SourceTitle "playchess.com"]
[Source "ChessBase"]
[SourceQuality "1"]

{[%evp 20,75,27,0,42,36,45,0,0,0,20,14,49,32,36,41,58,58,75,54,66,81,130,126,139,135,131,114,108,102,104,87,76,92,96,93,92,68,189,185,177,171,193,191,181,173,166,92,93,94,87,9,71,0,0,0,69,0]} 1. d4 Nf6 2. c4 e6 3. Nc3 Bb4 4. e3 O-O 5. Bd2 d5 6. Nf3 b6 7. cxd5 exd5 8. Rc1 {E51: Nimzo-Indian: Rubinstein: 4...0-0 5 Nf3 d5} (8. Bd3 Bb7 9. O-O Nbd7 10. Ne5 Bd6 11. f4 c5 12. Be1 cxd4 13. exd4 Ne4 14. Nb5 Be7 15. Rc1 a6 16. Rc7 Nxe5 17. fxe5 Bc8 {0-1 (43) Esipenko,A (2564)-Yu,Y (2751) Riadh 2017}) 8... Bb7 9. Bd3 Be7 10. O-O c5 11. Ne5 {LiveBook: 3 Games} c4 $146 ({Predecessor:} 11... Nc6 12. Be1 cxd4 13. Nxc6 Bxc6 14. Ne2 Bb7 15. Nxd4 {½-½ (56) Aczel,G (2553)-Kantor,G (2506) Budapest 2017}) 12. Bb1 a6 13. Ne2 b5 14. Ng3 Nbd7 15. f4 {[%cal Bf2f4,Bf4f5][%mdl 32]} Ne4 16. Nf5 $36 {[%mdl 2048] [#] Hoping for Ba5! White is more active.} Ndf6 17. Be1 g6 18. Nxe7+ Qxe7 19. Bh4 Qd6 20. f5 g5 21. Bxe4 gxh4 22. Bb1 Rae8 23. Qe1 Rxe5 24. dxe5 Qxe5 25. Qxh4 Qxb2 26. Qg3+ Kh8 27. Rc2 Qa1 28. a4 {And now Ba2 would win.} Ne4 ({Black should play} 28... Re8 $1 $14) 29. Qc7 $18 Bc8 30. axb5 axb5 31. Ra2 Qc3 32. Bxe4 Qxe3+ {[#]} 33. Kh1 (33. Raf2 $1 $18 dxe4 34. Qe7) 33... Qxe4 $16 34. Qd6 {[%cal Rd6f8]} Rg8 35. Qf6+ {[%mdl 1024] White has strong compensation.} Rg7 36. Qd8+ (36. Raf2 $5 {[%cal Rf2f3]}) 36... Rg8 37. Qf6+ Rg7 38. Qd8+ {Precision: White = 68%, Black = 63%.} ({Better is} 38. Raf2 $1 $14) 1/2-1/2

[Event "3rd Kolkata GM Open 2018"]
[Site "Kolkata"]
[Date "2018.05.16"]
[Round "3"]
[White "Shyaamnikhil P"]
[Black "Short, Nigel D"]
[Result "0-1"]
[WhiteElo "2401"]
[BlackElo "2656"]
[Annotator "TA"]
[PlyCount "94"]
[EventDate "2018.??.??"]
[EventType "swiss"]
[EventCountry "IND"]
[SourceTitle "playchess.com"]
[Source "ChessBase"]
[SourceQuality "1"]

{[%evp 9,94,37,35,34,33,31,42,42,44,42,43,41,56,57,41,58,56,27,52,22,26,29,25,22,25,12,35,0,6,0,0,0,6,0,0,-21,-20,-16,-20,-20,-20,-25,-25,-25,-20,-28,-20,-12,-16,-16,-7,-21,-15,-26,0,0,0,0,0,0,0,0,0,-14,-29,-30,0,-6,0,-257,-250,-257,-233,-439,-447,-373,-245,-246,-244,-246,-243,-243,-225,-251,-208,-233,-206]} 1. Nf3 d5 2. g3 g6 3. Bg2 Bg7 4. d4 Nh6 5. Nbd2 (5. O-O Nf5 6. c3 Nd7 7. Nbd2 Nd6 8. Re1 Nf6 9. Ne5 O-O 10. f3 Nd7 11. Nxd7 Bxd7 12. e4 dxe4 13. Nxe4 {0-1 (68) Kramnik,V (2812)-Topalov,V (2761) Leuven 2016}) 5... Nf5 6. c3 {D02: 1 d4 d5 2 Nf3 sidelines, including 2...Nf6 3 g3 and 2...Nf6 3 Bf4} Nd6 7. O-O c6 8. Re1 {White is slightly better.} Bf5 9. Nh4 Be6 10. e4 dxe4 11. Nxe4 Nxe4 12. Bxe4 O-O 13. Bf4 $146 Nd7 14. Qc1 Bd5 15. Bh6 e6 16. Bxg7 Kxg7 17. Bg2 b5 18. Nf3 (18. Bf1 {looks sharper.} Qf6 19. Qe3 a5 20. b3 g5 21. Ng2) 18... a5 19. Ne5 Nxe5 20. Rxe5 Re8 21. Bf1 a4 22. Re1 Qf6 23. Qe3 g5 24. Bg2 Red8 {[%cal Be8d8,Bd8d5,Bd5f5][%mdl 32]} 25. a3 Bxg2 26. Kxg2 Rd5 27. Re2 Rad8 28. Rae1 Rf5 29. h3 h5 30. Rf1 Rdd5 31. f4 Qg6 32. fxg5 Rxf1 33. Kxf1 Rxg5 $11 {[%mdl 4096] Endgame KQR-KQR} 34. Kg2 Qf5 35. Qe5+ Kg6 36. Qb8 Qd5+ 37. Kh2 Rf5 38. g4 hxg4 39. hxg4 $2 {[%mdl 8192] [#]} (39. Rg2 $11) 39... Rf1 $1 $19 {( -> ...Qh1+)} 40. Rg2 Kg7 41. Kg3 $2 (41. Qe5+ Qxe5+ 42. dxe5) 41... Qf3+ 42. Kh2 Qe3 43. Qe5+ Qxe5+ 44. dxe5 Re1 45. Kg3 Rxe5 46. Kf4 Rd5 47. Re2 Kf6 {Precision: White = 43%, Black = 76%.} 0-1

[Event "3rd Kolkata GM Open 2018"]
[Site "Kolkata"]
[Date "2018.05.16"]
[Round "3"]
[White "Rathnakaran, K."]
[Black "Aravindh, Chithambaram VR"]
[Result "1/2-1/2"]
[WhiteElo "2377"]
[BlackElo "2597"]
[Annotator "TA"]
[PlyCount "124"]
[EventDate "2018.??.??"]
[EventType "swiss"]
[EventCountry "IND"]
[SourceTitle "playchess.com"]
[Source "ChessBase"]
[SourceQuality "1"]

{[%evp 13,124,-8,-3,-19,-12,-8,-16,-15,-18,-28,25,18,31,-19,-15,-17,-35,-43,-40,-153,0,0,0,-8,0,0,-5,-7,-8,-15,38,50,41,-12,0,0,0,0,0,-20,-32,-37,-39,-166,-169,-200,-220,-215,-207,-273,-233,-345,-337,-253,-187,-189,-136,-123,0,0,0,0,0,0,0,-20,-20,-59,-69,-107,0,0,0,0,0,0,0,0,0,0,0,-862,-734,-29990,-29991,-29990,-29973,-5514,0,0,0,0,0,0,0,0,0,0,0,0,0,0,0,0,0,0,0,0,0,0,0,0,0]} 1. e4 e5 2. Nf3 Nc6 3. Bb5 a6 4. Ba4 Nf6 5. Qe2 b5 6. Bb3 Bc5 7. c3 O-O {LiveBook: 146 Games. C77: Ruy Lopez: 3...a6 4 Ba4 Nf6, unusual lines} 8. h3 a5 $146 ({Predecessor:} 8... Bb7 9. d3 d5 10. Bg5 dxe4 11. dxe4 h6 12. Bh4 Qd6 13. Nbd2 Nh5 14. g3 Bb6 15. Bd5 {0-1 (43) Rathnakaran,K (2383)-Oleksienko,M (2643) Sharjah 2017}) 9. O-O $1 a4 10. Bc2 Ba6 11. b4 axb3 (11... Bb6 $142) 12. axb3 $11 Bb6 13. d4 exd4 14. e5 Re8 15. Bg5 h6 16. Bh4 {[#]} (16. Bxf6 $1 $15 Qxf6 17. Re1) 16... g5 $2 ({Black should play} 16... Nxe5 $1 $17 {[%mdl 512]} 17. Nxe5 g5) 17. Bg3 {Qd3 is the strong threat.} d5 18. Rxa6 Rxa6 19. Qxb5 Ne4 {Strongly threatening ...Ra5.} 20. Bxe4 dxe4 21. Nfd2 $1 Nb8 (21... e3 $11 22. Qxa6 exd2 23. Nxd2 dxc3) 22. Nxe4 $14 Re6 23. b4 (23. Nf6+ $14 Kg7 24. Qe2 (24. Qd3 Rxf6 25. exf6+ Qxf6 $14)) 23... Ra2 24. Nf6+ Kf8 25. Qd3 Nd7 $1 {[%cal Rd7f6]} 26. Nxd7+ ({Reject} 26. Qc4 Rb2 $17) 26... Qxd7 27. c4 $1 c5 28. Nd2 (28. bxc5 $15 Bxc5 29. Nd2) 28... cxb4 $19 29. Ne4 Ra3 30. Qb1 Qa4 $1 31. c5 Bc7 32. Nd6 {[#]} (32. h4 $142) 32... d3 $1 33. f4 Qc2 34. Qxb4 Ra2 (34... Rb3 $19 35. Qe4 Qxc5+ 36. Kh2 Rxd6 37. exd6 Qxd6) 35. Qb7 $17 Rb2 (35... Qxc5+ $17 36. Kh1 Rxd6 37. exd6 Qxd6 38. Qc8+ Qd8 39. Qxd8+ Bxd8 40. fxg5 Bxg5) 36. Qd5 $11 {And now fxg5 would win.} Rb1 (36... d2 $5 37. Kh2 $8 (37. fxg5 $2 Rb1 $19) 37... Qb3 $11) 37. Rxb1 Qxb1+ 38. Kh2 gxf4 39. Bxf4 Qf1 40. Qa8+ Kg7 41. Qe4 {[#] aiming for Qf5.} Qe2 (41... Kg8 $1 $17) 42. Nf5+ Kh7 43. Ne3+ Rg6 (43... Kg8 $5 44. Qa8+ $8 Kh7 45. Qe4+ Rg6 $11) 44. Qd5 Rg7 $36 {[%mdl 2048] Threatens to win with ...d2. White is under pressure.} 45. Ng4 h5 46. Nf6+ Kg6 {Hoping for ...d2!} 47. Nd7 $2 {[%mdl 8192]} (47. Ne4 $11 Kh7 48. Ng3 (48. Nf6+ Kg6 $11)) 47... Kf5 $19 48. e6+ Kxf4 49. e7 Rxg2+ 50. Qxg2 Kf5+ $2 (50... Qxe7 $19 51. Kg1 Qxd7 52. Qf2+ Kg5 53. Qg2+ Kh6 54. Qd2+ Kh7) 51. Kg1 $11 {The position is equal.} Qxe7 52. Qd5+ Kf4 {( -> ...Qe1+)} 53. Qxd3 Kg5 54. Kf2 Kh4 55. Qf5 Qg5 56. Qxg5+ Kxg5 {[%mdl 4096] Endgame KB-KN} 57. Nb6 {Black must now prevent Nd5.} Kf5 58. Nd5 Bh2 59. c6 Ke6 60. c7 Kd7 61. Nf6+ Kxc7 62. Nxh5 Be5 {Precision: White = 53%, Black = 69%.} 1/2-1/2

[Event "3rd Kolkata GM Open 2018"]
[Site "Kolkata"]
[Date "2018.05.16"]
[Round "3"]
[White "Anand Nadar"]
[Black "Sandipan, Chanda"]
[Result "1/2-1/2"]
[WhiteElo "2368"]
[BlackElo "2573"]
[Annotator "TA"]
[PlyCount "92"]
[EventDate "2018.??.??"]
[EventType "swiss"]
[EventCountry "IND"]
[SourceTitle "playchess.com"]
[Source "ChessBase"]
[SourceQuality "1"]

{[%evp 15,92,19,24,19,16,7,6,6,34,34,33,33,36,23,22,17,38,42,36,33,35,19,23,15,35,19,32,37,33,22,33,31,54,28,42,37,43,51,44,43,80,62,98,78,92,0,0,0,78,78,102,83,208,208,205,207,197,143,143,55,282,282,273,304,289,288,289,266,357,379,375,328,330,0,393,388,300,0,274]} 1. d4 f5 2. Nc3 Nf6 3. Bg5 d5 4. Bxf6 exf6 5. e3 Be6 6. Bd3 Nc6 7. a3 Qd7 {A80: Dutch Defence: Unusual White second moves} (7... Bd6 8. Nce2 Ne7 9. Nf3 c6 10. Nd2 Qd7 11. b3 O-O-O 12. c4 Kb8 13. c5 Bc7 14. b4 g5 15. Rb1 {1-0 (58) Inarkiev,E (2688)-Nepomniachtchi,I (2714) Sochi 2014}) 8. Nge2 Bd6 {LiveBook: 5 Games} 9. O-O Bf7 10. b3 Na5 $146 {[%cal Bc6a5,Ba5b7,Bb7d6,Bd6e4][%mdl 32]} ({Predecessor:} 10... a6 11. Na4 Ne7 12. c4 dxc4 13. bxc4 b5 14. cxb5 axb5 {1-0 (37) Shaposhnikov,E (2557)-Samolins,V (2402) chess.com INT 2017}) 11. Nf4 Bxf4 (11... c6 {looks sharper.} 12. Nh5 Kf8 13. Qf3 g6 14. b4 Nc4) 12. exf4 O-O 13. Qd2 b6 14. Nd1 Nb7 15. Ne3 Nd6 16. c4 dxc4 17. bxc4 Rfe8 18. Qc2 g6 19. Rfd1 Ne4 20. d5 Qd6 21. Bxe4 Rxe4 22. g3 Rae8 23. Qc3 h5 24. h4 Qc5 {[%cal Re4e3] aiming for ...Rxe3.} 25. Qb4 ({Don't go for} 25. Qxf6 $2 Rxe3 26. fxe3 Rxe3 $19) 25... Qe7 26. Qxe7 R4xe7 27. a4 {[%cal Ba3a4,Ba4a5][%mdl 32]} Rc8 28. a5 Rd7 29. Rab1 Kf8 30. c5 (30. Rb3 $16) 30... bxc5 $11 31. Rbc1 Rcd8 (31... c4 $11) 32. Rxc5 $16 Ke7 33. Kf1 c6 (33... Rb8 $16 {is a better defense.}) 34. Rxc6 $18 Rd6 35. Rxd6 Kxd6 {[%mdl 4096] Endgame KRB-KRN} 36. Rc1 (36. Rb1 $1 $18) 36... Be8 $16 {[#]} 37. Ke2 ({White should play} 37. Rb1 $1 $16) 37... Rb8 $2 (37... Bb5+ $14 38. Kd2 a6) 38. Kd3 $18 Bb5+ 39. Kd4 Re8 {[#] Black hopes to continue with ...Re4+.} 40. f3 $1 Kd7 41. Rb1 a6 42. Rc1 Re7 43. Rc3 Re8 44. Rc1 Re7 $1 45. Re1 Re8 46. Rc1 Re7 $1 {[%mdl 32768] Precision: White = 56%, Black = 50%. . An unexpected result.} 1/2-1/2

[Event "3rd Kolkata GM Open 2018"]
[Site "Kolkata"]
[Date "2018.05.16"]
[Round "3"]
[White "Koustav Chatterjee"]
[Black "Burmakin, Vladimir"]
[Result "1/2-1/2"]
[WhiteElo "2364"]
[BlackElo "2528"]
[Annotator "TA"]
[PlyCount "60"]
[EventDate "2018.??.??"]
[EventType "swiss"]
[EventCountry "IND"]
[SourceTitle "playchess.com"]
[Source "ChessBase"]
[SourceQuality "1"]

{[%evp 21,60,23,24,16,36,43,37,37,69,73,78,68,89,83,89,82,91,53,34,32,75,75,82,58,62,45,55,44,39,37,37,29,30,0,0,0,0,0,0,0,0]} 1. c4 c6 2. Nf3 Nf6 3. g3 d5 4. Bg2 Bg4 5. Ne5 Be6 6. cxd5 Bxd5 7. Nf3 e5 {A11: English Opening: 1...c6} (7... c5 8. Nc3 Bc6 9. O-O e6 10. Qc2 Be7 11. Rd1 O-O 12. d4 cxd4 13. Nxd4 Bxg2 14. Kxg2 Nbd7 15. Bg5 {½-½ (15) Svidler,P (2765)-Karjakin,S (2760) Riadh 2017}) 8. Nc3 Bxf3 9. Bxf3 Bc5 10. d3 Nbd7 11. O-O O-O {LiveBook: 9 Games} 12. Bd2 Be7 $146 ({Predecessor:} 12... Re8 13. Rb1 a5 14. Qc2 Be7 15. Be3 {½-½ (32) Markoja,B (2415)-Bogosavljevic,B (2525) Belgrade 2017}) 13. Rb1 a5 14. a3 Nb6 15. b4 axb4 16. axb4 Qc7 17. Qb3 h6 18. Rfc1 Qd7 19. Be3 Nbd5 20. Bc5 Rfe8 21. Bxe7 Nxc3 22. Qxc3 (22. Rxc3 {feels hotter.} Rxe7 23. b5 e4 24. dxe4 Nxe4 25. Rd3) 22... Qxe7 23. b5 e4 24. dxe4 Nxe4 25. Bxe4 Qxe4 26. bxc6 bxc6 27. Qxc6 Qxc6 {The position is equal.} 28. Rxc6 Rxe2 $14 {KRR-KRR} 29. Rb7 Rf8 30. h4 Re5 {Precision: White = 79%, Black = 59%.} 1/2-1/2

[Event "3rd Kolkata GM Open 2018"]
[Site "Kolkata"]
[Date "2018.05.16"]
[Round "3"]
[White "Saravana, Krishnan P."]
[Black "Shyam, Sundar M."]
[Result "1/2-1/2"]
[WhiteElo "2360"]
[BlackElo "2518"]
[Annotator "TA"]
[PlyCount "60"]
[EventDate "2018.??.??"]
[EventType "swiss"]
[EventCountry "IND"]
[SourceTitle "playchess.com"]
[Source "ChessBase"]
[SourceQuality "1"]

{[%evp 23,60,0,15,-10,-6,-35,-16,-16,-9,-7,0,-27,0,-10,0,0,15,17,22,-25,0,0,0,0,0,-10,62,0,0,-26,46,0,0,-25,37,0,6,-10,57]} 1. e4 c5 2. Nf3 d6 3. d4 cxd4 4. Nxd4 Nf6 5. Nc3 a6 6. Be2 e5 7. Nb3 Be7 8. Qd3 O-O 9. Be3 Be6 10. Nd5 Bxd5 11. exd5 Nbd7 12. O-O Ne8 {LiveBook: 53 Games. B92: Sicilian Najdorf: 6 Be2} 13. Kh1 $146 ({Predecessor:} 13. a4 Bg5 14. a5 Bxe3 15. Qxe3 Nef6 16. c4 Rb8 17. Rfb1 Qc7 18. Nd2 b6 19. Nb3 Nc5 20. axb6 Rxb6 21. Nxc5 dxc5 {½-½ (59) Carlsen,M (2838)-Vachier Lagrave,M (2803) Karlsruhe/Baden-Baden 2017}) 13... Bg5 14. f4 Bxf4 {Black is slightly better.} 15. Bxf4 exf4 16. Rxf4 Ne5 17. Qd4 Nf6 {[%cal Be8f6,Bf6d7,Bd7c5][%mdl 32]} 18. Raf1 Nfd7 19. Qd2 Rc8 20. Nd4 g6 21. R4f2 Qh4 22. Rf4 Qe7 23. b3 Nc5 24. Qe1 Qg5 (24... f5 $11) 25. Qd2 (25. h4 $14 Qe7 26. Qg3) 25... Qe7 26. Qe1 Qg5 (26... f5 $11) 27. Qd2 (27. h4 $5 {[%cal Rh4g5]} Qe7 28. Qg3 $11) 27... Qe7 28. Qe1 Qg5 (28... f5 $11) 29. Qd2 (29. h4 $5 {[%cal Rh4g5]} Qd8 30. Qg3 $11) 29... Qe7 30. Qe1 Qg5 {Precision: White = 32%, Black = 31%.} (30... f5 $11) 1/2-1/2

[Event "3rd Kolkata GM Open 2018"]
[Site "Kolkata"]
[Date "2018.05.16"]
[Round "3"]
[White "Srijit Paul"]
[Black "Tran, Tuan Minh"]
[Result "1/2-1/2"]
[WhiteElo "2347"]
[BlackElo "2512"]
[Annotator "TA"]
[PlyCount "87"]
[EventDate "2018.??.??"]
[EventType "swiss"]
[EventCountry "IND"]
[SourceTitle "playchess.com"]
[Source "ChessBase"]
[SourceQuality "1"]

{[%evp 24,87,14,14,14,12,23,20,37,18,19,0,0,0,0,-11,0,-50,-45,-54,-50,-42,-40,-77,-44,-58,-75,-64,-62,-62,-11,-11,-11,-11,0,0,0,0,0,0,0,0,0,-6,-8,-16,-11,-10,-12,-36,0,0,0,0,0,0,0,0,0,0,0,0,0,0,0,0]} 1. e4 c5 2. Nf3 d6 3. d4 cxd4 4. Nxd4 Nf6 5. Nc3 a6 6. Bc4 e6 7. Bb3 Nbd7 8. Bg5 Nc5 9. f4 {B86: Sicilian Scheveningen/Najdorf: 6 Bc4, without early ...b5} (9. O-O Be7 10. Re1 h6 11. Bh4 Nxb3 12. axb3 g5 13. Bg3 e5 14. Nde2 Be6 15. f3 Rc8 16. Bf2 h5 17. Ng3 {½-½ (48) Rublevsky,S (2683)-Oparin,G (2602) Moscow 2017}) 9... Be7 10. Qf3 Qc7 11. O-O b5 {[%cal Bb7b5,Bb5b4][%mdl 32]} 12. f5 b4 13. fxe6 {LiveBook: 4 Games} fxe6 14. Na4 Nxb3 15. cxb3 e5 {[#] White must now prevent ...Qa7.} 16. Nf5 Bxf5 $146 ({Predecessor:} 16... O-O) 17. Qxf5 {[%cal Rg5f6]} O-O $1 18. Qe6+ Kh8 19. Bxf6 Bxf6 20. Rad1 Bg5 21. Qc4 Be3+ 22. Kh1 Qb7 23. Qe6 Rxf1+ ({Don't play} 23... Qxe4 24. Rxf8+ Rxf8 25. Qxd6 $11) 24. Rxf1 Qb5 {[%cal Rb5f1] [#]} 25. Rf7 Qd3 {( -> ...Qd1+)} 26. Qc4 $1 {[%cal Rc4d3]} Qxc4 (26... Qd2 $1 $15) 27. bxc4 $15 {[%mdl 4096] Endgame KRB-KRN} Kg8 28. Rf3 Rf8 29. Rxf8+ $1 Kxf8 $11 {KB-KN} 30. b3 Bd4 31. g3 Kf7 32. Kg2 Kf6 33. Kf3 Kg5 34. h3 h6 {[%cal Bh7h6,Bh6h5,Bh5h4][%mdl 32]} 35. Kg2 h5 36. Kf3 h4 37. g4 {The position is equal.} Kg6 38. c5 Bxc5 {And now ...Bd4 would win.} 39. Nb2 $1 Kf6 40. Nd3 g6 41. Ne1 Ke6 42. Ke2 d5 43. Kd3 $1 Be7 44. Nf3 {Precision: White = 79%, Black = 67%.} 1/2-1/2

[Event "3rd Kolkata GM Open 2018"]
[Site "Kolkata"]
[Date "2018.05.16"]
[Round "3"]
[White "Vantika Agrawal"]
[Black "Erigaisi Arjun"]
[Result "0-1"]
[WhiteElo "2296"]
[BlackElo "2488"]
[Annotator "TA"]
[PlyCount "120"]
[EventDate "2018.??.??"]
[EventType "swiss"]
[EventCountry "IND"]
[SourceTitle "playchess.com"]
[Source "ChessBase"]
[SourceQuality "1"]

{[%evp 24,120,45,38,68,26,31,23,24,22,28,-22,-18,-16,-16,-12,-18,-37,-49,-41,-32,-66,-72,-79,-74,-98,-92,-82,-22,-177,-177,-220,-225,-208,-204,-218,-226,-254,-215,-208,-202,-201,-239,-242,-196,-251,-242,-327,-324,-330,-285,-283,-295,-295,-302,-302,-274,-270,-250,-384,-371,-410,-408,-404,-398,-404,-386,-397,-389,-490,-483,-980,-1007,-793,-735,-1162,-1258,-12837,-12838,-12840,-12840,-12842,-12841,-12841,-12841,-12841,-12841,-12850,-12850,-12851,-12851,-12851,-12851,-12851,-29978,-12851,-29979,-12851,-29978]} 1. Nf3 Nf6 2. g3 g6 3. Bg2 Bg7 4. d4 O-O 5. O-O d6 6. c4 Nbd7 7. Nc3 e5 8. e4 Re8 9. h3 exd4 10. Nxd4 Nc5 11. Re1 Bd7 12. Bf4 Qc8 13. Kh2 {LiveBook: 17 Games. E68: King's Indian: Fianchetto: 6...Nbd7 7 0-0 e5 8 e4} h5 14. b4 Ne6 15. Nxe6 {White is slightly better.} Bxe6 16. Nd5 h4 17. Bh6 $146 ({Predecessor:} 17. Nxf6+ Bxf6 18. Rc1 Be5 19. Bxe5 dxe5 20. gxh4 Qd8 {½-½ (36) Bator,R (2430)-Carlson,M (2295) Stockholm 1998}) 17... hxg3+ 18. fxg3 {Threatens to win with Bxg7.} Nd7 $36 {[%cal Bf6d7,Bd7e5,Be5f3][%mdl 2080] Black has the initiative.} 19. Bxg7 Kxg7 20. c5 dxc5 21. bxc5 c6 22. Nf4 Ne5 23. Qd4 f6 24. Rad1 Bf7 25. a4 g5 (25... Qc7 $17 26. Nd3 Rad8) 26. Nd3 $2 {[#]} (26. Qc3 $11) 26... Qxh3+ $1 $19 {[%mdl 512]} 27. Bxh3 Nf3+ 28. Kg2 Nxd4 29. Rb1 Re7 30. Rb2 Nb3 31. Reb1 {[#]} Na5 $1 ({Resist} 31... Rxe4 32. Bf5 $17) 32. Bf5 Rd8 33. Nf2 Bg6 34. Bxg6 (34. g4 $142) 34... Kxg6 35. Rf1 Nc4 36. Re2 Rd2 37. Rxd2 Nxd2 {[%mdl 4096] Endgame KRN-KRN} 38. Re1 Nb3 39. Nd3 Rd7 40. Re3 Nd4 41. g4 (41. Nc1 {is a better defense.}) 41... Ne6 {Hoping for ...Rxd3!} 42. Kg3 Rd4 43. e5 f5 44. gxf5+ Kxf5 45. a5 a6 46. Nf2 Nxc5 47. Rc3 (47. e6 $142 Nxe6 48. Rb3) 47... Ne4+ 48. Nxe4 Rxe4 {KR-KR} 49. Rb3 Rxe5 50. Rxb7 Rxa5 51. Rb3 c5 52. Rc3 Rb5 53. Rc4 a5 {[%cal Ba6a5,Ba5a4,Ba4a3,Ba3a2][%mdl 32]} 54. Ra4 Ke5 55. Rg4 Rb4 {( -> ...Rxg4+)} 56. Rxg5+ Kd4 57. Kf2 a4 58. Rg8 a3 59. Ra8 Rb2+ (59... c4 $19 60. Rxa3 c3) 60. Kf3 a2 {Precision: White = 24%, Black = 77%.} 0-1

[Event "3rd Kolkata GM Open 2018"]
[Site "Kolkata"]
[Date "2018.05.16"]
[Round "3"]
[White "Sangma, Rahul"]
[Black "Tukhaev, Adam"]
[Result "0-1"]
[WhiteElo "2295"]
[BlackElo "2551"]
[Annotator "TA"]
[PlyCount "82"]
[EventDate "2018.??.??"]
[EventType "swiss"]
[EventCountry "IND"]
[SourceTitle "playchess.com"]
[Source "ChessBase"]
[SourceQuality "1"]

{[%evp 23,82,-5,-7,-20,-20,-56,-16,-32,-25,-54,-38,-48,-59,-75,-24,-22,-21,-40,-22,-60,-61,-56,-42,-87,-90,-104,-48,-31,-59,-191,-201,-190,-184,-186,-190,-185,-170,-188,562,-222,-233,-250,-254,-316,-314,-302,-296,-337,-318,-502,-511,-569,-508,-580,-572,-564,-520,-506,-473,-452,-465]} 1. e4 g6 2. d4 Bg7 3. Nf3 d6 4. h3 Nf6 5. Nc3 O-O 6. Be3 a6 7. a4 b6 8. Bc4 e6 9. e5 dxe5 10. Nxe5 Bb7 11. O-O Nc6 {B08: Pirc Defence: Classical System} 12. Nxc6 Bxc6 {LiveBook: 14 Games} 13. a5 $146 ({Predecessor:} 13. Qe2 Qc8 14. Rfd1 Qb7 15. f3 Rfe8 16. Bf4 Bd5 17. Bxd5 exd5 18. Qd2 c5 19. Be5 {½-½ (44) Delchev,A (2625)-Chatalbashev,B (2593) Albena 2010}) 13... b5 {The position is equal.} 14. Be2 Qd7 15. Bf3 Rfd8 16. Qe2 b4 17. Bxc6 Qxc6 18. Na4 Rd5 ({Better is} 18... Ne4 $17 19. Qd3 e5) 19. Nc5 $11 Nd7 {[%cal Rd7c5]} 20. Nd3 Rb8 21. c3 bxc3 22. bxc3 Qxc3 23. Rfc1 Qb3 24. Nf4 Rd6 ({Wrong is} 24... Bxd4 $2 25. Nxd5 Qxd5 26. Bxd4 $18) (24... Rxd4 $17 {And now ...Rd6 would win.} 25. Bxd4 Bxd4 26. Qxa6 Bxa1 27. Rxa1 Qc3) 25. Rxc7 $15 Bxd4 26. Rac1 {[#]} (26. Bxd4 $15 Rxd4 27. Qxa6) 26... Bxe3 $1 $19 27. Qxe3 Rd1+ 28. Rxd1 Qxd1+ 29. Kh2 Qd6 $36 {[%mdl 2048] Black is really pushing.} 30. Rc4 Rb4 $4 {[%mdl 8192]} (30... Rb5 $19 31. Qg3 Rc5 32. Rxc5 Nxc5) 31. Rxb4 $4 {[%mdl 8192]} (31. Qa3 $18) 31... Qxb4 32. g3 e5 ({Much less strong is} 32... Qxa5 33. Nxe6 Qb6 34. Nd4) 33. Nd5 Qxa5 34. Qd3 {White wants to play Ne7+.} Qb5 35. Ne7+ {[#]} Kg7 $1 36. Qd6 (36. Qd2 $142) 36... Nf6 {Hoping for ...Qb2.Black is clearly winning.} 37. Nc6 Qb6 38. Kg2 Qxf2+ 39. Kxf2 Ne4+ 40. Ke3 Nxd6 41. Nxe5 a5 {Precision: White = 25%, Black = 48%.} 0-1